The political dynamics of European economic integration

Guardado en:
Detalles Bibliográficos
Autor principal: Lindberg, Leon N.
Formato: Libro
Lenguaje:Undetermined
Publicado: Stanford Stanford University Press 1963
Materias:
Etiquetas: Agregar Etiqueta
Sin Etiquetas, Sea el primero en etiquetar este registro!
Thư viện lưu trữ: Trung tâm Học liệu Trường Đại học Cần Thơ
LEADER 00522nam a2200181Ia 4500
001 CTU_82400
008 210402s9999 xx 000 0 und d
082 |a 337.914 
082 |b L742 
100 |a Lindberg, Leon N. 
245 4 |a The political dynamics of European economic integration 
245 0 |c Leon N. Lindberg 
260 |a Stanford 
260 |b Stanford University Press 
260 |c 1963 
650 |a European federation 
904 |i Trọng Hải 
980 |a Trung tâm Học liệu Trường Đại học Cần Thơ